Informe anual sobre Derechos Humanos en Chile 2012

Salvato in:
Dettagli Bibliografici
Autore principale: Coddou Claramunt, Alberto (Autore)
Natura: Libro
Lingua:spagnolo
Pubblicazione: Santiago Universidad Diego Portales 2012
Soggetti:
Tags: Aggiungi Tag
Nessun Tag, puoi essere il primo ad aggiungerne!!

MARC

LEADER 00000cam a2200000 a 4500
001 UCF4742
003 CL-VaPUC
008 121220e20120000CL |||||||||||||||||spa|d
020 |a 9789563141900 
082 0 4 |a 323.983  |b COD  |2 21 
100 0 |a Coddou Claramunt, Alberto  |e author  |9 566322 
245 1 0 |a Informe anual sobre Derechos Humanos en Chile 2012 
300 |a 309 p 
942 |c BK 
945 |d 20121220 00:00:00  |a dcastane 
260 |a Santiago  |b Universidad Diego Portales  |c 2012 
650 0 |a Derechos individuales   |9 527480 
650 0 |a Derechos humanos  |9 223025 
650 7 |a DERECHO PENAL  |2 CL-VaPUC  |9 11 
650 0 |a Pueblos indígenas   |9 357564 
650 0 |a Diversidad sexual  |9 560301 
650 7 |a DERECHO LABORAL  |2 CL-VaPUC  |9 15 
650 7 |a JUSTICIA MILITAR  |2 CL-VaPUC  |9 566323 
650 0 |a Derecho ambiental   |9 257835 
583 |a last modification  |c 20121220 10:25:00  |k Rodrigo Vera 
999 |c 350447  |d 350445 
952 |0 0  |1 0  |4 0  |6 323_983000000000000_COD_2012  |7 0  |8 A  |9 453773  |a BIBDER  |b BIBDER  |d 2019-11-22  |i 493377K  |o 323.983 COD 2012  |p 493377K  |r 2023-01-25  |w 2019-11-22  |y BK  |k DER